Guía de la administración del Estado : organigramas / MAP, Ministerio para las Administraciones Públicas, Centro de Información Administrativa organigramas / MAP, Ministerio para las Administraciones Públicas, Centro de Información Administrativa
Descripción Física:
Carpeta amb 19 fulletons, un per ministeri
MARC
| LEADER | 00000nam a2200000Ia 4500 | ||
|---|---|---|---|
| 001 | 8440 | ||
| 008 | 160829s1990?] xx 000 0 cat d | ||
| 080 | |a M-2-205 | ||
| 110 | |a Espanya. |b Ministerio para las Administraciones Públicas |9 69872 | ||
| 245 | |a Guía de la administración del Estado : |b organigramas / MAP, Ministerio para las Administraciones Públicas, Centro de Información Administrativa | ||
| 260 | |a [s.l. : |b s.n., |c 1990?] | ||
| 300 | |a Carpeta amb 19 fulletons, un per ministeri | ||
| 590 | |a Edició tancada l'1 de gener de 1989 | ||
| 650 | |a Espanya |x Política i govern |x Directoris |9 37734 | ||
| 901 | |a Arxiu | ||
| 942 | |n 1 | ||
| 952 | |0 0 |1 0 |4 0 |6 M2205 |7 1 |9 48034 |a Arxiu |b Arxiu |d 2016-12-01 |l 0 |o M-2-205 |p 8440 |r 2016-12-01 00:00:00 |w 2016-12-01 |y ARXIU | ||
| 999 | |c 51835 |d 51835 | ||